Bài tập lập trình Pascal : Bài tập giải sẵn. Đề thi Olympic tin học sinh viên

Nội dung tài liệu giới thiệu tóm tắt lý thuyết và bài tập lập trình Pascal bao gồm: sử dụng biểu thức câu lệnh, các lệnh có cấu trúc, kiểu mảng và tập hợp, xâu ký tự, thủ tục hàm và thư viện, kiểu bản ghi và tệp, đồ hoạ, con trỏ,...

Πλήρης περιγραφή

Αποθηκεύτηκε σε:
Λεπτομέρειες βιβλιογραφικής εγγραφής
Κύριος συγγραφέας: Hoàng Trung Sơn
Άλλοι συγγραφείς: Hoàng Ngọc Bắc
Μορφή: Βιβλίο
Γλώσσα:Vietnamese
Έκδοση: H. Khoa học và Kỹ thuật 2006
Ετικέτες: Προσθήκη ετικέτας
Δεν υπάρχουν, Καταχωρήστε ετικέτα πρώτοι!
Thư viện lưu trữ: Thư viện Trường Đại học Nam Cần Thơ
LEADER 01624aam a22002178a 4500
001 NCT_4221
008 070105s2006 ||||||viesd
999 |c 213  |d 213 
020 |c 68000 
082 0 4 |2 23rd ed.  |a 005.362  |b S464 
100 1 |a Hoàng Trung Sơn 
245 1 0 |a Bài tập lập trình Pascal :  |b Bài tập giải sẵn. Đề thi Olympic tin học sinh viên  |c Hoàng Trung Sơn (chủ biên), Hoàng Ngọc Bắc 
260 |a H.  |b Khoa học và Kỹ thuật  |c 2006 
300 |a 455tr.  |b bảng  |c 24cm 
520 3 |a Nội dung tài liệu giới thiệu tóm tắt lý thuyết và bài tập lập trình Pascal bao gồm: sử dụng biểu thức câu lệnh, các lệnh có cấu trúc, kiểu mảng và tập hợp, xâu ký tự, thủ tục hàm và thư viện, kiểu bản ghi và tệp, đồ hoạ, con trỏ, cấp phát động, đệ quy. Đáp án, lời giải và một số đề thi Olympic tin học 
700 1 |a Hoàng Ngọc Bắc 
942 |2 ddc  |c BK 
952 |0 0  |1 0  |2 ddc  |4 0  |6 005_362000000000000_S464  |7 0  |9 1908  |a 000001  |b 000001  |d 2017-10-24  |o 005.362 S464  |p MD.04168  |r 2017-10-24  |v 68000.00  |w 2017-10-24  |y BK 
952 |0 0  |1 0  |2 ddc  |4 0  |6 005_362000000000000_S464  |7 0  |9 1909  |a 000001  |b 000001  |d 2017-10-24  |o 005.362 S464  |p MD.04169  |r 2017-10-24  |v 68000.00  |w 2017-10-24  |y BK 
952 |0 0  |1 0  |2 ddc  |4 0  |6 005_362000000000000_S464  |7 0  |9 1910  |a 000001  |b 000001  |d 2017-10-24  |l 1  |o 005.362 S464  |p MD.04170  |r 2019-08-26  |s 2019-08-17  |v 68000.00  |w 2017-10-24  |y BK 
980 |a Thư viện Trường Đại học Nam Cần Thơ